| 000 | 00451nam a2200169Ia 4500 | ||
|---|---|---|---|
| 003 | OSt | ||
| 005 | 20200904114039.0 | ||
| 008 | 190216s9999||||xx |||||||||||||| ||und|| | ||
| 040 | _coclc | ||
| 082 |
_a531 _bUPA/M |
||
| 100 |
_aUpadhyaya, J C _94329 |
||
| 245 | 0 |
_aMechanics / _cJ C Upadhyaya |
|
| 260 |
_bRam prasad & Sons, _c1997. _aAgra: |
||
| 300 | _a746p | ||
| 650 | _aPhysics | ||
| 942 |
_cBK _2ddc _h531 _iUPA/M _k531 _mUPA/M |
||
| 999 |
_c33351 _d33351 |
||